| 000 | 00638cam a22001697a 4500 | ||
|---|---|---|---|
| 008 | 180718b2008 xxu||||| |||| 00| 0 eng d | ||
| 020 | _a81 250 3315 7 | ||
| 082 | _aO62x54 B631 | ||
| 100 | _aBode, Maarten | ||
| 245 |
_aTaking traditional knowledge to the market: the modern image of the ayurvedic and unani industry, 1980-2000 _cby Maarten Bode |
||
| 260 |
_aHyderabad _bOrient Longman _c2008 |
||
| 300 | _a259p. | ||
| 440 | _aNew Perspectives in South Asian History 21 | ||
| 650 | _aPharmaceutical industry -- India -- History | ||
| 650 | _aMedicine, Arab -- India -- Marketing | ||
| 650 | _aMedicine, Ayurvedic -- India -- Marketing | ||
| 999 |
_c415926 _d415926 |
||